000
00322nam a22001457a 4500
003
SGT
082
_a
617.525
_b
O13F
100
_a
FONSECA,RAYMOND.J
245
_a
ORAL & MAXILLOFACIAL TRAUMA
250
_a
4TH
260
_a
ST.LOUIS,MISSOURI
_b
ELSEVIER
_c
2013
300
_a
875
650
_a
ORAL SURGERY
942
_2
ddc
_c
BK
999
_c
10620
_d
10620